路線名 一覧クイズ 徳島県 - Statistics

General Stats
  • This quiz has been taken 95 times
  • The average score is 5 of 6
Answer Stats
事業者名 答え 区間 % Correct
JR四国 高徳線 阿波大宮~徳島
99%
JR四国 鳴門線 池谷~鳴門(全線)
96%
JR四国 徳島線 佃~佐古(全線)
94%
JR四国 牟岐線 徳島~阿波海南(全線)
93%
JR四国 土讃線 坪尻~大歩危
86%
三セク 安佐東線(安佐海岸鉄道) (阿波海南信号場)~宍喰
6%
No matching quizzes found
Score Distribution
Percent of People with Each Score
Percentile by Number Answered
Your Score History
You have not taken this quiz